000 00679cam a22002053a 4500
001 42391
003 PGUSA
005 20140828083948.0
008 130323s2013||||xxu|||||s|||||000 | eng d
040 _aPGUSA
_beng
042 _adc
100 1 _aBoerker, Richard H. Douai
245 1 0 _aOur National Forests :
_bA Short Popular Account of the Work of the United States Forest Service on the National Forests
_h[electronic resource] /
_cRichard H. Douai Boerker
260 _bProject Gutenberg,
_c2013
506 _aPublic domain in the USA.
516 _aElectronic text
830 0 _aProject Gutenberg
_v42391
856 4 0 _uhttp://www.gutenberg.org/ebooks/42391
942 _cEB
999 _c271643
_d271643